000 00545nam a22002057a 4500
003 OSt
005 20140310181805.0
008 130704t xxu||||| |||| 00| 0 eng d
020 _a0600563405
050 _aG 1021
_b.P611 1989
082 _aREF 912
_bSt32 1989
245 _aThe Hamlyn pictorial atlas fox children
260 _aEngland :
_bThe Hamlyn Pub.,
_cc1989.
300 _a272 p. :
_bill. col. ;
_c31 cm.
520 _a1. Atlases
521 _aBasic Ed. Students
541 _j1
562 _e1
942 _2lcc
_cBK-GR
_kREF
999 _c3785
_d3785